000 00690nam a2200217 a 4500
001 BRCA_45
005 20190320202846.0
008 940315s1994 nyua---##b---#001-0#eng-#
020 _a0415112788
020 _a0415112796
040 _aDLC
_cDLC
_dDLC
050 4 _aAM5
_b.C6674 1994
245 1 0 _aMuseum Management
_cedited by Kevin Moore.
260 _aLondres ; Nueva York
_bThe Conservation Unit of the Museums & Galleries Commission ; Routledge
_c1994
300 _axi, 298 p.
_bil.
_c26 cm.
440 0 _aLeicester readers in museum studies
_9204
504 _aBibliografía: p. 290-291
650 1 4 _aMuseos
_xAdministración
_9205
700 1 _aMoore, Kevin
_d1960-
_9206
942 _2lcc
_cB
999 _c45
_d45